Xiongmao - Grand manuel de chinois : Grand manuel de chinois (notice n° 2083938)

détails MARC
000 -LEADER
fixed length control field 01444cam a2200157 4500500
005 - DATE AND TIME OF LATEST TRANSACTION
control field 20260405005447.0
041 ## - LANGUAGE CODE
Language code of text/sound track or separate title fre
042 ## - AUTHENTICATION CODE
Authentication code dc
100 10 - MAIN ENTRY--PERSONAL NAME
Personal name Qian, Kan
Relator term author
245 00 - TITLE STATEMENT
Title Xiongmao - Grand manuel de chinois : Grand manuel de chinois
260 ## - PUBLICATION, DISTRIBUTION, ETC.
Name of publisher, distributor, etc. Armand Colin,<br/>
Date of publication, distribution, etc. 2021.<br/>
520 ## - SUMMARY, ETC.
Summary, etc. Cette méthode de chinois conçue pour grands et faux débutants propose un cours étape par étape pour apprendre le chinois tel qu’il est écrit et parlé aujourd’hui. Exercices de compréhension écrite et orale corrigés, dialogues de la vie quotidienne, vocabulaire, points de grammaire détaillés : elle enseigne les compétences essentielles pour s’exprimer dans un large éventail de situations concrètes, aussi bien à l’oral qu’à l’écrit. Vous apprendrez ainsi à téléphoner, demander votre chemin ou rédiger une lettre. Caractères chinois et pinyin sont associés pour une immersion authentique et progressive dans la langue, avec un accent particulier mis sur l’apprentissage des caractères chinois. La méthode est agrémentée de points culturels sur les coutumes et les caractéristiques de la vie en Chine. Vous atteignez ainsi sans difficultés le niveau A2-B1 du CECRL. Plus de 90 pistes audio à télécharger en ligne !
700 10 - ADDED ENTRY--PERSONAL NAME
Personal name Kan, Qian
Relator term author
700 10 - ADDED ENTRY--PERSONAL NAME
Personal name Guichard, Valentin
Relator term author
856 41 - ELECTRONIC LOCATION AND ACCESS
Uniform Resource Identifier <a href="https://shs.cairn.info/xiongmao--9782200630485?lang=fr&redirect-ssocas=7080">https://shs.cairn.info/xiongmao--9782200630485?lang=fr&redirect-ssocas=7080</a>

Pas d'exemplaire disponible.

PLUDOC

PLUDOC est la plateforme unique et centralisée de gestion des bibliothèques physiques et numériques de Guinée administré par le CEDUST. Elle est la plus grande base de données de ressources documentaires pour les Étudiants, Enseignants chercheurs et Chercheurs de Guinée.

Adresse

627 919 101/664 919 101

25 boulevard du commerce
Kaloum, Conakry, Guinée

Réseaux sociaux

Powered by Netsen Group @ 2025